000 01081nam a2200265 a 4500
999 _c1360
_d1360
001 1602581
003 CoMeUDC
005 20210611152640.0
008 181126s2018 ck ad gr 000 0 spa d
020 _a9789587677249
040 _aCO-BoBLA
_bspa
_cCO-UdeCO
082 0 4 _a368.572
_bA59s
100 _aÁlvarez Pérez, Andrés Orión
_91669
245 1 0 _aSeguros obligatorios y voluntarios en accidentes de circulación /
_cAndrés Orión Álvarez Pérez; prólogo, Javier Tamayo Jaramillo.
250 _aPrimera edición.
260 _aBogotá :
_bLegis Editores,
_bInstituto Colombiano de Responsabilidad Civil y del Estado,
_c2018.
300 _a193 p. ;
_c24 cm.
504 _aIncluye bibliografía
650 0 _aSeguro contra accidente de tránsito
_z Colombia.
_91670
650 0 _aSeguro obligatorio de accidentes de tránsito
_z Colombia.
_91671
650 0 _aLegislación.
_z Colombia.
_9994
_xSeguros de autos
650 0 _aResponsabilidad por accidentes de tránsito
_z Colombia.
_91672
700 _91673
_aTamayo Jaramillo, Javier
_eProloguista
942 _2ddc
_cBK